000
00293nam a2200121Ia 4500
005
20251222141954.0
008
251222s9999||||xx |||||||||||||| ||spa||
082
_a
371.2/V62
100
_a
Vicuña Vidal, Sulpicio
245
0
_a
Dirección del Educando II:
264
_b
San Marcos
942
_c
LIB
999
_c
9786
_d
9786